MARC

Tag First Indicator Second Indicator Subfields
LEADER 00000cam a2200000 a 4500
001 in00000018012
005 20151007053127.0
008 861021s1988 enka b 00100 eng
010 |a  86026803  
020 |a 0471914045 :  |c 53.00 
035 |a (OCoLC)14692765 
035 |9 AAB0492AM 
040 |a DLC  |c DLC  |d TXA  |d UtOrBLW 
049 |a TXAM  |c [A11051029] 
050 0 0 |a QH344  |b .N54 1988 
082 0 |a 574.5/2638  |2 19 
245 0 0 |a Nitrogen cycling in coastal marine environments /  |c edited by T. Henry Blackburn and Jan Sorensen. 
264 1 |a Chichester [West Sussex] ;  |a New York :  |b Published on behalf of the Scientific Committee on Problems of the Environment (SCOPE) of the International Council of Scientific Unions (ICSU) by Wiley,  |c [1988] 
264 4 |c ©1988 
300 |a xxv, 451 pages :  |b illustrations ;  |c 24 cm. 
336 |a text  |b txt  |2 rdacontent 
337 |a unmediated  |b n  |2 rdamedia 
338 |a volume  |b nc  |2 rdacarrier 
490 1 |a SCOPE ;  |v 33 
500 |a "Proceedings from a SCOPE symposium held at the University of Aarhus, 3-7 June 1985." 
504 |a Includes bibliographies and index. 
650 0 |a Nitrogen cycle. 
650 0 |a Marine ecology. 
650 0 |a Coastal ecology. 
700 1 |a Blackburn, T. Henry  |q (Thomas Henry),  |d 1933- 
700 1 |a Sørensen, Jan Poul. 
710 2 |a International Council of Scientific Unions.  |b Scientific Committee on Problems of the Environment. 
830 0 |a SCOPE report ;  |v 33. 
999 |a MARS 
999 f f |s ac49315f-dd3f-3b23-aa75-52eb478a99ca  |i a163d068-b475-3452-8aa7-f558b646ebf2  |t 0 
952 f f |p ric  |a Texas A&M University  |b Rellis Campus  |c Joint Library Facility  |d Remote Storage  |t 0  |e QH344 .N54 1988  |h Library of Congress classification  |i unmediated -- volume  |m A14811051029 
998 f f |a QH344 .N54 1988  |t 0  |l Remote Storage